La dulce patria / (Record no. 189363)

MARC details
000 -LEADER
campo de control de longitud fija 00681nam a2200205 i 4500
001 - NÚMERO DE CONTROL
campo de control 189363
003 - IDENTIFICADOR DE NÚMERO DE CONTROL
campo de control ES-MaACL
005 - FECHA Y HORA DE LA ÚLTIMA TRANSACCIÓN
campo de control 20260525062939.0
008 - DATOS DE LONGITUD FIJA--INFORMACIÓN GENERAL
campo de control de longitud fija 190524s1949 ag |||| | spa d
100 1# - ENTRADA PRINCIPAL--NOMBRE DE PERSONA
Nombre de persona Capdevila, Arturo,
Fechas asociadas al nombre 1889-1967
9 (RLIN) 34790
245 13 - MENCIÓN DEL TÍTULO
Título La dulce patria /
Mención de responsabilidad, etc. Arturo Capdevila.
250 ## - MENCION DE EDICION
Mención de edición 1ª ed. especialmente autorizada por el autor para la Colección Austral.
260 ## - PUBLICACIÓN, DISTRIBUCIÓN, ETC.
Lugar de publicación, distribución, etc. Buenos Aires :
Nombre del editor, distribuidor, etc. Espasa-Calpe Argentina,
Fecha de publicación, distribución, etc. 1949.
300 ## - DESCRIPCIÓN FÍSICA
Extensión 163 p. ;
Dimensiones 18 cm.
490 1# - MENCIÓN DE SERIE
Mención de serie Colección Austral ;
Designación de volumen o secuencia 905
651 #4 - PUNTO DE ACCESO ADICIONAL DE MATERIA--NOMBRE GEOGRÁFICO
Nombre geográfico Argentina-
Subdivisión general Descripción.
9 (RLIN) 7806
830 0# - PUNTO DE ACCESO ADICIONAL DE SERIE-TÍTULO UNIFORME
Título uniforme Colección austral
Designación de volumen o secuencia 905
9 (RLIN) 177655
852 ## - LOCALIZACIÓN
Ubicación ES-MaACL
Número de control de estantería L-32362
Holdings
Estatus retirado Estado de pérdida Estado de daño No para préstamo Biblioteca de origen Biblioteca actual Ubicación en estantería Fecha de adquisición Fuente de adquisición Total de préstamos Signatura topográfica completa Código de barras Visto por última vez Precio de reemplazo Tipo de ítem Koha
        Biblioteca del Ateneo de Madrid Biblioteca del Ateneo de Madrid Depósito 2 24/05/2019     L-32362 1200631 23/02/2023 23/02/2023 Libro impreso